000 00363nam a2200157Ia 4500
008 210716s2002 xx 000 0 und d
020 _a8174462996
041 _aeng
082 _a004.6x SAIA
100 _aSaini, A K; Tuli, Sumit.
245 _aMastering xml.
250 _a1
260 _aNew Delhi
_bExcel Books
_c2002
300 _ax,323
650 _aNone
999 _c184985
_d184985